<?xml version="1.0" encoding="UTF-8"?>
<collection xmlns:xsi="http://www.w3.org/2001/XMLSchema-instance" xsi:schemaLocation="http://www.loc.gov/MARC21/slim http://www.loc.gov/standards/marcxml/schema/MARC21slim.xsd" xmlns="http://www.loc.gov/MARC21/slim">
 <record>
  <leader>00000cab a22000003a 4500</leader>
  <controlfield tag="001">UP-99796217608517371</controlfield>
  <controlfield tag="003">Buklod</controlfield>
  <controlfield tag="005">20231007233932.0</controlfield>
  <controlfield tag="006">m    |o  d |      </controlfield>
  <controlfield tag="007">ta</controlfield>
  <controlfield tag="008">080910s        xx     d | ||r |||||   ||</controlfield>
  <datafield tag="035" ind1=" " ind2=" ">
   <subfield code="a">(iLib)UPD-00051795069</subfield>
  </datafield>
  <datafield tag="040" ind1=" " ind2=" ">
   <subfield code="a">DENGII</subfield>
  </datafield>
  <datafield tag="041" ind1=" " ind2=" ">
   <subfield code="a">eng</subfield>
  </datafield>
  <datafield tag="100" ind1="0" ind2=" ">
   <subfield code="a">Healey, Christopher G.</subfield>
  </datafield>
  <datafield tag="245" ind1="0" ind2="0">
   <subfield code="a">Perceptually based brush strokes for nonphotorealistic visualization.</subfield>
  </datafield>
  <datafield tag="300" ind1=" " ind2=" ">
   <subfield code="a">Vol. 23, no. 1</subfield>
   <subfield code="b">pp. 64 - 96</subfield>
  </datafield>
  <datafield tag="520" ind1=" " ind2=" ">
   <subfield code="a">An important problem in the area of computer graphics is the visualization of large, complex information spaces. Datasets of this type have grown rapidly in recent years, both in number and in size. Images of the data stored in these collections must support rapid and accurate exploration and analysis. This article presents a method for constructing visualizations that are both effective and aesthetic. Our approach uses techniques from master paintings and human perception to visualize a multidimensional dataset. Individual data elements are drawn with one or more brush strokes that vary their appearance to represent the element's attribute values. The result is a nonphotorealistic visualization of information stored in the dataset. Our research extends existing glyph-based and nonphotorealistic techniques by applying perceptual guidelines to build an effective representation of the underlying data. The nonphotorealistic properties the strokes employ are selected from studies of the history and theory of Impressionist art. We show that these properties are similar to visual features that are detected by the low-level human visual system. This correspondence allows us to manage the strokes to produce perceptually salient visualizations. Psychophysical experiments confirm a strong relationship between the expressive power of our nonphotorealistic properties and previous findings on the use of perceptual color and texture patterns for data display. Results from these studies are used to produce effective nonphotorealistic visualizations. We conclude by applying our techniques to a large, multidimensional weather dataset to demonstrate their viability in a practical, real-world setting.</subfield>
  </datafield>
  <datafield tag="653" ind1=" " ind2=" ">
   <subfield code="a">Abstractionism.</subfield>
  </datafield>
  <datafield tag="653" ind1=" " ind2=" ">
   <subfield code="a">Impressionism.</subfield>
  </datafield>
  <datafield tag="653" ind1=" " ind2=" ">
   <subfield code="a">Color.</subfield>
  </datafield>
  <datafield tag="653" ind1=" " ind2=" ">
   <subfield code="a">Computer graphics.</subfield>
  </datafield>
  <datafield tag="653" ind1=" " ind2=" ">
   <subfield code="a">Human vision.</subfield>
  </datafield>
  <datafield tag="653" ind1=" " ind2=" ">
   <subfield code="a">Nonphotorealistic rendering.</subfield>
  </datafield>
  <datafield tag="653" ind1=" " ind2=" ">
   <subfield code="a">Perception.</subfield>
  </datafield>
  <datafield tag="653" ind1=" " ind2=" ">
   <subfield code="a">Psychophysics.</subfield>
  </datafield>
  <datafield tag="653" ind1=" " ind2=" ">
   <subfield code="a">Scientific visualization.</subfield>
  </datafield>
  <datafield tag="653" ind1=" " ind2=" ">
   <subfield code="a">Texture.</subfield>
  </datafield>
  <datafield tag="700" ind1="1" ind2=" ">
   <subfield code="a">Tateosian, Laura.</subfield>
  </datafield>
  <datafield tag="700" ind1="1" ind2=" ">
   <subfield code="a">Enns, James T.</subfield>
  </datafield>
  <datafield tag="700" ind1="1" ind2=" ">
   <subfield code="a">Remple, Mark.</subfield>
  </datafield>
  <datafield tag="773" ind1="0" ind2=" ">
   <subfield code="t">ACM transactions on graphics.</subfield>
   <subfield code="g">23, 1 (2004).</subfield>
  </datafield>
  <datafield tag="905" ind1=" " ind2=" ">
   <subfield code="a">FO</subfield>
  </datafield>
  <datafield tag="852" ind1=" " ind2=" ">
   <subfield code="a">UPD</subfield>
   <subfield code="b">DENG-II</subfield>
  </datafield>
  <datafield tag="942" ind1=" " ind2=" ">
   <subfield code="a">Article</subfield>
  </datafield>
 </record>
</collection>
